000
00277nam a22001097a 4500
008
230620b xxu||||| |||| 00| 0 eng d
082
_a
320.3
_b
HAG 1978
245
_a
Regimes, Movements, and Ideologies
260
_a
USA
_b
Longman Inc.
_c
1978
300
_a
XV,508p
942
_2
ddc
_c
BK
999
_c
1641
_d
1641